00533nam a2200181Ia 450000100060000000800410000602000180004704000130006508200200007810000210009824501180011925000090023726000380024630000110028454600070029565000260030270000230032858385140507s9999 xx 000 0 und d a9781259009457 cPK-LaUMT a 658.408bSTE-B aSteiner, John F. aBusiness, government, and societyba managerial perspective, text and casescSteiner, John F.<>Steiner, George A. a13th aNew York,USA:bMcGraw-Hill,c2012 a696 p. aEN aIndustrial policy-USA aSteiner, George A.